[Event "CRO-Cup 18th"]
[Site "Sibenik"]
[Date "2009.05.24"]
[Round "5"]
[White "Havas, Janko"]
[Black "Drcelic, Josip"]
[Result "1/2-1/2"]
[WhiteElo "2044"]
[BlackElo "2227"]
[PlyCount "112"]
[EventDate "2009.05.20"]
[EventType "team-tourn"]
[EventRounds "5"]
[EventCountry "CRO"]
[SourceTitle "CBM 130 Extra"]
[Source "ChessBase"]
[SourceDate "2009.07.02"]
[SourceVersion "2"]
[SourceVersionDate "2009.07.15"]
[SourceQuality "1"]

1. d4 d5 2. c4 e6 3. Nc3 Nf6 4. cxd5 exd5 5. Bg5 Be7 6. e3 c6 7. Qc2 Nbd7 8. Bd3 h6 9. Bh4 b6 10. Nf3 Bb7 11. 0-0 0-0 12. Rab1 c5 13. Rfc1 a6 14. a4 Ne8 15. Bg3 Bd6 16. Ne2 Bxg3 17. Nxg3 c4 18. Bf5 Nd6 19. Bxd7 Qxd7 20. Ne5 Qc7 21. Qe2 b5 22. axb5 axb5 23. Qg4 Bc8 24. Qf3 Be6 25. Ra1 Qb7 26. Nh5 Ne4 27. Qe2 Rxa1 28. Rxa1 Ra8 29. Qe1 Rxa1 30. Qxa1 b4 31. f3 Nd6 32. Qa5 Qb5 33. Qa8+ Qe8 34. Qa5 Nf5 35. Nf4 Nxe3 36. Qxb4 f6 37. Neg6 Bf7 38. Ne7+ Kh8 39. h4 Nc2 40. Qd6 Nxd4 41. h5 Nb5 42. Nfg6+ Kh7 43. Qf4 Bxg6 44. hxg6+ Kh8 45. Nxd5 Qe1+ 46. Kh2 Qe5 47. Qxe5 fxe5 48. Kg3 Kg8 49. Kf2 Kf8 50. Nb6 c3 51. bxc3 Nxc3 52. Nd7+ Ke7 53. Nxe5 Kf6 54. f4 Nd5 55. Kf3 Ne7 56. Ke4 Nxg6 1/2-1/2

[Event "CRO Cup"]
[Site "Pula"]
[Date "2001.??.??"]
[Round "1"]
[White "Petrov, Jole"]
[Black "Drcelic, Josip"]
[Result "1-0"]
[WhiteElo "2428"]
[BlackElo "2263"]
[PlyCount "73"]
[EventDate "2001.??.??"]
[EventType "team"]
[EventRounds "5"]
[EventCountry "CRO"]
[SourceTitle "EXT 2002"]
[Source "ChessBase"]
[SourceDate "2001.11.25"]
[SourceVersion "1"]
[SourceVersionDate "2001.11.25"]
[SourceQuality "1"]

1. Nf3 Nf6 2. c4 g6 3. g3 Bg7 4. Bg2 0-0 5. 0-0 c5 6. d4 cxd4 7. Nxd4 Nc6 8. Nc3 Nxd4 9. Qxd4 d6 10. Qd3 a6 11. Rd1 Qc7 12. Bd2 Be6 13. b3 Rfe8 14. Rac1 Rac8 15. h3 Qb8 16. e4 Bd7 17. a4 Bc6 18. a5 b6 19. b4 bxa5 20. bxa5 Nd7 21. Rb1 Qa8 22. Nd5 Bxd5 23. cxd5 Nc5 24. Qa3 Rb8 25. Be3 Rec8 26. Rdc1 Rxb1 27. Rxb1 Bf8 28. Rc1 Qa7 29. Bf1 e5 30. dxe6 fxe6 31. Qa2 Re8 32. Qc4 Kf7 33. e5 Rc8 34. Qf4+ Ke8 35. exd6 Rc6 36. Bg2 Rxd6 37. Bxc5 1-0

[Event "CRO-Cup"]
[Site "Pula"]
[Date "1998.??.??"]
[Round "4"]
[White "Drcelic, Josip"]
[Black "Zelic, Mladen"]
[Result "0-1"]
[WhiteElo "2280"]
[BlackElo "2365"]
[PlyCount "70"]
[EventDate "1998.??.??"]
[EventType "team"]
[EventRounds "5"]
[EventCountry "CRO"]
[SourceTitle "EXT 2000"]
[Source "ChessBase"]
[SourceDate "1999.11.16"]
[SourceVersion "1"]
[SourceVersionDate "1999.11.16"]
[SourceQuality "1"]

1. Nf3 f5 2. d4 Nf6 3. c4 g6 4. Nc3 Bg7 5. g3 0-0 6. Bg2 d6 7. 0-0 Nc6 8. b3 Ne4 9. Bb2 e6 10. Nxe4 fxe4 11. Ne1 d5 12. Nc2 Ne7 13. f3 exf3 14. Bxf3 c5 15. e3 dxc4 16. bxc4 Nf5 17. Rb1 Qg5 18. Qe2 Bd7 19. dxc5 Bxb2 20. Rxb2 Bc6 21. Bxc6 bxc6 22. Nd4 Nxg3 23. hxg3 Qxg3+ 24. Kh1 Rxf1+ 25. Qxf1 Rf8 26. Qg1 Qh4+ 27. Rh2 Qe4+ 28. Rg2 e5 29. Ne2 Rf3 30. Qd1 Qxe3 31. Qd8+ Rf8 32. Qg5 Qxc5 33. Qg4 Kg7 34. Ng3 Kh8 35. Kh2 Qe3 0-1

[Event "CRO-Cup"]
[Site "Pula"]
[Date "1996.??.??"]
[Round "?"]
[White "Drcelic, Josip"]
[Black "Gnjezdur, Vladimir"]
[Result "1-0"]
[WhiteElo "2350"]
[BlackElo "2185"]
[PlyCount "57"]
[EventDate "1996.??.??"]
[EventType "team"]
[EventRounds "5"]
[EventCountry "CRO"]
[SourceTitle "EXT 1999"]
[Source "ChessBase"]
[SourceDate "1998.11.16"]
[SourceVersion "1"]
[SourceVersionDate "1998.11.16"]
[SourceQuality "1"]

1. d4 g6 2. Nf3 f5 3. g3 Bg7 4. Bg2 Nf6 5. 0-0 0-0 6. c4 d6 7. Nc3 Nc6 8. b3 e5 9. dxe5 dxe5 10. Ba3 Re8 11. Qxd8 Rxd8 12. Rad1 Be6 13. Ng5 Bf7 14. Nb5 Ne8 15. Nxf7 Kxf7 16. Bd5+ Kf6 17. f4 a6 18. Nc3 Nd6 19. fxe5+ Nxe5 20. Bxd6 cxd6 21. Bxb7 Ra7 22. Bg2 Ke6 23. e4 Rf8 24. exf5+ gxf5 25. Nd5 Nd7 26. Bh3 Nc5 27. Ne3 Raf7 28. Nxf5 Be5 29. Nxd6+ 1-0

[Event "CRO-Cup"]
[Site "Pula"]
[Date "1996.??.??"]
[Round "?"]
[White "Drcelic, Josip"]
[Black "Jurkovic, Ante"]
[Result "0-1"]
[WhiteElo "2350"]
[BlackElo "2335"]
[PlyCount "74"]
[EventDate "1996.??.??"]
[EventType "team"]
[EventRounds "5"]
[EventCountry "CRO"]
[SourceTitle "EXT 1999"]
[Source "ChessBase"]
[SourceDate "1998.11.16"]
[SourceVersion "1"]
[SourceVersionDate "1998.11.16"]
[SourceQuality "1"]

1. Nf3 Nf6 2. c4 g6 3. Nc3 Bg7 4. g3 d6 5. d4 0-0 6. Bg2 c6 7. 0-0 Qa5 8. e4 e5 9. d5 cxd5 10. cxd5 Bd7 11. Nd2 Rc8 12. Nb3 Qd8 13. Qe2 Na6 14. Bg5 Nc5 15. Nxc5 Rxc5 16. Be3 Rc7 17. Nb5 Bxb5 18. Qxb5 Ng4 19. Bd2 Bh6 20. Ba5 b6 21. Bc3 f5 22. Bh3 Qg5 23. exf5 gxf5 24. f4 exf4 25. Rxf4 Qg6 26. Rc4 a6 27. Qb3 Rf7 28. Bxg4 Be3+ 29. Kh1 fxg4 30. Qd1 h5 31. Qe2 Re8 32. Rf1 Rxf1+ 33. Qxf1 b5 34. Rf4 Bxf4 35. gxf4 Qe4+ 36. Kg1 Qe3+ 37. Qf2 Kf7 0-1

[Event "CRO-Cup"]
[Site "Pula"]
[Date "1996.??.??"]
[Round "?"]
[White "Rosandic, Denis"]
[Black "Drcelic, Josip"]
[Result "1/2-1/2"]
[WhiteElo "2295"]
[BlackElo "2350"]
[PlyCount "92"]
[EventDate "1996.??.??"]
[EventType "team"]
[EventRounds "5"]
[EventCountry "CRO"]
[SourceTitle "EXT 1999"]
[Source "ChessBase"]
[SourceDate "1998.11.16"]
[SourceVersion "1"]
[SourceVersionDate "1998.11.16"]
[SourceQuality "1"]

1. d4 Nf6 2. Nf3 d5 3. Bg5 Bf5 4. c4 dxc4 5. Qa4+ c6 6. Qxc4 e6 7. Nc3 Be7 8. Nh4 h6 9. Bxf6 Bxf6 10. Nxf5 exf5 11. Rd1 0-0 12. e3 Nd7 13. Bd3 Nb6 14. Qb3 Qd7 15. 0-0 Kh8 16. Be2 Qe6 17. Qc2 Rad8 18. g3 Nd5 19. Bf3 Nxc3 20. bxc3 g6 21. Rb1 Rd7 22. Qa4 b5 23. Qa6 Rc7 24. Rfc1 Rb8 25. c4 Bd8 26. a4 b4 27. c5 b3 28. Rb2 g5 29. Qc4 f4 30. Qxe6 fxe6 31. Rc3 fxe3 32. fxe3 e5 33. Rcxb3 Rxb3 34. Rxb3 Bf6 35. dxe5 Bxe5 36. Rb8+ Kg7 37. Re8 Bf6 38. Re6 Be7 39. Be4 Bxc5 40. Bxc6 Re7 41. Rxe7+ Bxe7 42. Kf2 h5 43. Kf3 h4 44. Ke4 hxg3 45. hxg3 Bd6 46. g4 Bc5 1/2-1/2